| 000 | 01324nam a22002417a 4500 | ||
|---|---|---|---|
| 003 | NALT | ||
| 005 | 20211102101736.0 | ||
| 008 | s2542 th tha d | ||
| 020 | _a9743330534 | ||
| 040 | _aNALT | ||
| 041 | _atha | ||
| 090 | _aว JS7408.6.C6K92 ส321ค 2542 | ||
| 100 | 0 | _aสยามรัฐ เรืองนาม | |
| 245 | 1 | 0 | _aความรู้ทางการเมืองและการรับรู้ข่าวสารทางการเมืองกับความสำนึกเชิงสังคมของประชาชนในองค์การบริหารส่วนตำบล จ.กาญจนบุรี |
| 260 | 3 |
_aกรุงเทพฯ : _bคณะรัฐศาสตร์ จุฬาลงกรณ์มหาวิทยาลัย, _c2542 |
|
| 300 |
_a120 หน้า : _b ตาราง ; _c 30 ซม. |
||
| 650 | 0 | 4 | _aการสื่อสารทางการเมือง -- วิจัย |
| 650 | 0 | 4 | _aองค์การบริหารส่วนตำบล -- กาญจนบุรี -- วิจัย |
| 650 | 0 | 4 | _aองค์การบริหารส่วนตำบล -- วิจัย |
| 850 | _aNALT | ||
| 942 |
_cRSH _2lcc |
||
| 998 |
_bBENJALUCK SUTTHIWILAI _j109 _k อารีรัตน์ วิชาช่าง |
||
| 999 |
_c31875 _d31875 |
||